000 00812nam a2200253Ia 4500
003 OSt
005 20220918170853.0
006 a|||||r|||| 00| 0
007 ta
008 220917b |||||||| |||| 00| 0 eng d
020 _a9780748692538 (pbk)
_c1930.82
024 _a289,865
037 _b351, 22/03/2016, Sunrise Books
_cTextual
040 _aARTS
_cARTS
_beng
041 _2eng
_aeng
082 _aR853xN25:g, Q6
100 _aBell Jeffrey A.
_931849
245 0 _aDeleuze and guattari's what is philosophy?
_b A critical introduction and guide
260 _aEdinburgh
_bEdinburgh University Press UK
_c2016
300 _avi, 257p.
_ccm.
650 _aPHILOSOPHY
942 _hR853xN25:g, Q6
_cTEXL
_2CC
999 _c136358
_d136358